000 00648nam a2200241 i 4500
001 C2-0110757
003 PPAK
005 20180727103149.0
008 970626s1995 my a|||| ||||| | may d
020 _a9836216707
040 _aPPAK
_beng
_cPPAK
_erda
082 0 4 _a612.8
_223
090 0 0 _a612.8
_bNEU
_dG
245 0 0 _aNeurofisiologi asas
250 _aSchmidt, Robert F.
264 1 _aKuala Lumpur :
_bDewan Bahasa dan Pustaka ,
_c1995
300 _a339 pages :
_billustrations ;
_c23 cm
336 _2rdacontent
_atext
337 _2rdamedia
_aunmediated
338 _2rdacarrier
_avolume
650 1 0 _aNeurophisiology
942 _ddc
_cB
999 _c27461
_d27461